Les buts de Mbappé avec la France - Statistiques

Statistiques générales
  • Ce quiz a été pris 664 fois
  • Le résultat moyen est 11 sur 21
Statistiques - réponses
But(s) encaissé(s) Pays % Correct
5 Argentine
98%
1 Espagne
84%
4 Pays-Bas
83%
2 Croatie
79%
1 Belgique
78%
2 Pologne
74%
1 Australie
73%
2 Danemark
72%
1 Pérou
57%
2 Russie
57%
1 Suède
54%
2 Autriche
44%
1 États-Unis
42%
1 Ukraine
41%
1 Finlande
40%
4 Kazakhstan
40%
2 Islande
35%
1 Andorre
27%
2 Afrique du sud
25%
1 Pays de Galles
22%
1 Moldavie
16%
Aucun quiz correspondant
Distribution des résultats
% des personnes avec chaque résultat
Percentile par nombre de réponses
Votre historique - résultats
Vous n’avez pas pris ce quiz